Domino reaction in organic synthesis
Shranjeno v:
| Glavni avtor: | |
|---|---|
| Format: | Knjiga |
| Jezik: | Undetermined |
| Izdano: |
Weinheim
Wiley-VCH Verlag GmbH & Co. Kga
2006
|
| Teme: | |
| Oznake: |
Označite
Brez oznak, prvi označite!
|
| Thư viện lưu trữ: | Trung tâm Học liệu Trường Đại học Cần Thơ |
|---|
| LEADER | 00572nam a2200193Ia 4500 | ||
|---|---|---|---|
| 001 | CTU_123461 | ||
| 008 | 210402s9999 xx 000 0 und d | ||
| 020 | |c 3200000 | ||
| 082 | |a 547.078 | ||
| 082 | |b T564 | ||
| 100 | |a Tietze,Lutz F. | ||
| 245 | 0 | |a Domino reaction in organic synthesis | |
| 260 | |a Weinheim | ||
| 260 | |b Wiley-VCH Verlag GmbH & Co. Kga | ||
| 260 | |c 2006 | ||
| 650 | |a Chemistry, Organic,Organic compounds | ||
| 650 | |x Laboratory manuals.,Synthesis,Laboratory manuals. | ||
| 904 | |i Minh | ||
| 980 | |a Trung tâm Học liệu Trường Đại học Cần Thơ | ||